书目信息 |
| 题名: |
社会心理学
|
|
| 作者: | 沙莲香 著 | |
| 分册: | ||
| 出版信息: | 北京 中国人民大学出版社 1987.11 |
|
| 页数: | 346页 | |
| 开本: | 20厘米 | |
| 丛书名: | ||
| 单 册: | ||
| 中图分类: | C912.6 , B849 | |
| 科图分类: | ||
| 主题词: | 社会心理学 , 应用心理学 | |
| 电子资源: | ||
| ISBN: | 7-300-00195-5 | |
| 000 | 00775nam0 2200265 450 | |
| 001 | 1541482759 | |
| 005 | 20150126113217.73 | |
| 010 | @a7-300-00195-5@dCNY1.95 | |
| 020 | @aCN@b88000625 | |
| 091 | @a2011.151 | |
| 100 | @a20021005d1987 m y0chiy0110 ea | |
| 101 | 0 | @achi |
| 102 | @aCN@b110000 | |
| 105 | @ay z 000yy | |
| 200 | 1 | @a社会心理学@9she hui xin li xue@f沙莲香著 |
| 210 | @a北京@c中国人民大学出版社@d1987.11 | |
| 215 | @a346页@d20厘米 | |
| 330 | @a本书论述了社会心理学的理论基础、社会心理学的研究对象,逐章讨论了社会心理学的基本范畴。 | |
| 606 | 0 | @a社会心理学 |
| 606 | 0 | @a应用心理学 |
| 690 | @aC912.6@v1980 | |
| 690 | @aB849@v4 | |
| 701 | 0 | @a沙莲香@9sha lian xiang@c(女,@f1936~)@4著 |
| 801 | 0 | @aCN@bTSSF@c20150126 |
| 905 | @aZUCC@dB849@eJY871 | |
| 社会心理学/沙莲香著.-北京:中国人民大学出版社,1987.11 |
| 346页;20厘米 |
| ISBN 7-300-00195-5:CNY1.95 |
| 本书论述了社会心理学的理论基础、社会心理学的研究对象,逐章讨论了社会心理学的基本范畴。 |
| ● |
| 相关链接 |
|
|
|
|
正题名:社会心理学
索取号:B849/JY871
 
预约/预借
| 序号 | 登录号 | 条形码 | 馆藏地/架位号 | 状态 | 备注 |
| 1 | 7860103 | 278601032 | 学院路分馆/ [索取号:B849/JY871] | 在馆 | |
| 2 | 7860104 | 278601041 | 学院路分馆/ [索取号:B849/JY871] | 在馆 | |
| 3 | 7860105 | 278601050 | 学院路分馆/ [索取号:B849/JY871] | 在馆 | |
| 4 | 7860106 | 278601069 | 学院路分馆/ [索取号:B849/JY871] | 在馆 | |
| 5 | 7860107 | 278601078 | 学院路分馆/ [索取号:B849/JY871] | 在馆 |